000
00320nam a22001217a 4500
008
180606b xxu||||| |||| 00| 0 eng d
041
_a
eng
080
_a
043.3
100
_a
0
101
_a
MEK-BTH
245
_a
Senzorët e rrjetave pa tela dhe aplikimi i tyre në fusha të ndryshme
_c
Haxhijakupi,Sh
942
_2
udc
_c
BK
999
_c
46374
_d
46374